[Event "Chinese Chess League 2019"]
[Site "Shen Yang"]
[Date "2019.11.22"]
[Round "17.18"]
[White "Xu, Minghui"]
[Black "Andreikin, Dmitry"]
[Result "1-0"]
[WhiteElo "2403"]
[BlackElo "2733"]
[Annotator "TA"]
[PlyCount "73"]
[EventDate "2019.04.09"]
[EventType "team-tourn"]
[EventCountry "CHN"]
[SourceTitle "playchess.com"]
[Source "ChessBase"]
[SourceQuality "1"]

{[%evp 13,73,14,67,33,47,41,44,42,54,52,56,64,60,23,16,15,21,17,30,39,33,33,39,44,70,0,43,-9,8,13,35,0,129,136,118,120,114,-254,202,217,259,278,263,266,262,262,250,258,306,300,470,481,511,511,510,520,564,561,683,681,29998,29999]} 1. Nf3 f5 2. g3 Nf6 3. Bg2 g6 4. O-O Bg7 5. d4 O-O 6. c3 c6 7. Nbd2 Kh8 (7... d5 $11) 8. Qb3 {A81: Dutch Defence: 2 g3} (8. Qc2 d5 9. Ne5 Nbd7 10. Nd3 Ne4 11. Nf3 Ndf6 12. Nfe5 Nd7 13. a4 a5 14. Bf4 Nd6 15. b3 Nxe5 16. Bxe5 {½-½ (54) Nazaretyan,T (2297)-Potapov,P (2479) Grozny 2019}) 8... Qe8 9. Re1 d5 $146 ({Predecessor:} 9... Ne4 10. Nc4 d6 11. Qc2 Nd7 12. Nfd2 d5 13. Na3 e5 14. c4 exd4 15. cxd5 {0-1 (26) Dushenok,A (2193)-Schweitzer,V (2190) St Petersburg 2002}) 10. Ne5 {White is slightly better.} g5 11. Ndf3 g4 12. Nh4 Nfd7 13. Bf4 Nxe5 14. Bxe5 Bxe5 15. dxe5 Qf7 16. f3 gxf3 17. exf3 f4 18. e6 $1 $36 {[%cal Re6f7][%mdl 2048] Black is under pressure.} Qf6 19. Bh3 (19. Qd1 $14) 19... Na6 (19... Rg8 $5 {[%cal Rf6h4]} 20. Nf5 Na6 $11) 20. Qc2 (20. Qd1 $1 $14) 20... Nc5 21. Qf5 b6 22. Rad1 Ba6 {[#]} (22... fxg3 $11 {remains equal.} 23. hxg3 Bxe6 24. Qxf6+ (24. Rxe6 Qg7 $15) 24... Rxf6 25. Bxe6 Nxe6) 23. Qh5 $1 $16 Rg8 {Strongly threatening ...Rg5.} 24. Bf5 {[%csl Gf5][%cal Rh5h7]} Rg7 {[#]} 25. Ng6+ $2 {[%mdl 8192]} (25. Rd4 $1 $16) 25... Kg8 $4 {[%mdl 8192]} (25... Rxg6 $19 {and all is fine.} 26. Bxg6 Qxg6 27. Qe5+ Qg7 28. Qxg7+ Kxg7) 26. Nxf4 $18 Rf8 27. Re5 {Black must now prevent Rd4.} Kh8 28. Rde1 Qg5 {With the idea ...Qxf4.} 29. Qxg5 Rxg5 30. Bc2 Rg7 {aiming for ...Rxf4.} 31. Kf2 Nb7 (31... Rd8 {might work better.} 32. Rh5 d4) 32. Rh5 Nd6 33. Ng6+ Rxg6 34. Bxg6 Kg7 35. Bxh7 c5 36. Ree5 {White threatens Reg5+ and mate.} d4 37. Reg5+ {Accuracy: White = 54%, Black = 40%.} 1-0

[Event "Chinese Chess League 2019"]
[Site "Shen Yang"]
[Date "2019.11.22"]
[Round "17.19"]
[White "Tan, Zhongyi"]
[Black "Zhu, Jiner"]
[Result "1-0"]
[WhiteElo "2504"]
[BlackElo "2468"]
[Annotator "ChessBase"]
[PlyCount "105"]
[EventDate "2019.04.09"]
[EventType "team-tourn"]
[EventCountry "CHN"]
[SourceTitle "playchess.com"]
[Source "ChessBase"]
[SourceQuality "1"]
[TimeControl "5400+30"]

1. d4 {[%emt 0:00:00]} Nf6 {[%emt 0:00:00]} 2. c4 {[%emt 0:00:00]} g6 {[%emt 0:00:00]} 3. Nc3 {[%emt 0:00:51]} Bg7 {[%emt 0:00:00]} 4. g3 {[%emt 0:01:39]} O-O {[%emt 0:00:02]} 5. Bg2 {[%emt 0:00:02]} d6 {[%emt 0:00:06]} 6. Nf3 {[%emt 0:01:34]} c6 {[%emt 0:00:42]} 7. O-O {[%emt 0:00:07]} Qa5 {[%emt 0:00:12]} 8. h3 {[%emt 0:01:09]} e5 {[%emt 0:00:49]} 9. e4 {[%emt 0:00:17]} Nbd7 {[%emt 0:00:07]} 10. Be3 {[%emt 0:02:22]} exd4 {[%emt 0:00:12]} 11. Nxd4 {[%emt 0:03:41]} Nb6 {[%emt 0:00:07]} 12. Nb3 {[%emt 0:10:34]} Qh5 {[%emt 0:00:06]} 13. Nd2 {[%emt 0:03:59]} Be6 {[%emt 0:11:44]} 14. c5 {[%emt 0:05:10]} Qxd1 {[%emt 0:01:59]} 15. Rfxd1 {[%emt 0:01:17]} dxc5 {[%emt 0:00:07]} 16. Bxc5 {[%emt 0:00:07]} Rfd8 {[%emt 0:00:38]} 17. f4 {[%emt 0:01:23]} Nh5 {[%emt 0:08:28]} 18. Nf1 {[%emt 0:10:59]} Nc4 {[%emt 0:04:17]} 19. e5 {[%emt 0:01:24]} Nxb2 {[%emt 0:23:42]} 20. Rxd8+ {[%emt 0:05:41]} Rxd8 {[%emt 0:00:05]} 21. Bxa7 {[%emt 0:02:09]} f6 {[%emt 0:06:24]} 22. Rb1 {[%emt 0:00:32]} fxe5 {[%emt 0:04:23]} 23. f5 {[%emt 0:03:12]} gxf5 {[%emt 0:00:08]} 24. Rxb2 {[%emt 0:00:05]} e4 {[%emt 0:00:26]} 25. Rc2 {[%emt 0:00:16]} Rd3 {[%emt 0:00:32]} 26. Ne2 {[%emt 0:00:22]} Ra3 {[%emt 0:00:18]} 27. Bc5 {[%emt 0:02:19]} Rxa2 {[%emt 0:00:06]} 28. Rxa2 {[%emt 0:00:04]} Bxa2 {[%emt 0:00:07]} 29. Ne3 {[%emt 0:00:36]} Be6 {[%emt 0:06:20]} 30. Kf2 {[%emt 0:03:25]} Be5 {[%emt 0:00:21]} 31. g4 {[%emt 0:04:14]} fxg4 {[%emt 0:01:11]} 32. Nxg4 {[%emt 0:02:14]} Bxg4 {[%emt 0:00:30]} 33. hxg4 {[%emt 0:00:04]} Nf6 {[%emt 0:00:04]} 34. g5 {[%emt 0:01:14]} Ng4+ {[%emt 0:00:40]} 35. Ke1 {[%emt 0:04:43]} Bc7 {[%emt 0:00:44]} 36. Bxe4 {[%emt 0:05:36]} Bd8 {[%emt 0:00:52]} 37. Bf5 {[%emt 0:00:23]} Ne5 {[%emt 0:00:05]} 38. Be6+ {[%emt 0:00:21]} Nf7 {[%emt 0:00:07]} 39. Nf4 {[%emt 0:07:59]} Kg7 {[%emt 0:00:38]} 40. Bd4+ {[%emt 0:00:19]} Kf8 {[%emt 0:00:05]} 41. Bf6 {[%emt 0:00:31]} Bxf6 {[%emt 0:02:29]} 42. gxf6 {[%emt 0:00:44]} Ng5 {[%emt 0:00:02]} 43. Ba2 {[%emt 0:01:32]} Nf3+ {[%emt 0:12:47]} 44. Ke2 {[%emt 0:03:16]} Ne5 {[%emt 0:00:07]} 45. Be6 {[%emt 0:01:51]} b5 {[%emt 0:08:32]} 46. Ke3 {[%emt 0:00:11]} c5 {[%emt 0:00:10]} 47. Ke4 {[%emt 0:00:10]} Nf7 {[%emt 0:00:13]} 48. Bd5 {[%emt 0:02:47]} Nd6+ {[%emt 0:01:19]} 49. Ke5 {[%emt 0:00:08]} Nf7+ {[%emt 0:00:04]} 50. Bxf7 {[%emt 0:02:17]} Kxf7 {[%emt 0:00:06]} 51. Ne6 {[%emt 0:00:03]} Ke8 {[%emt 0:04:44]} 52. Nxc5 {[%emt 0:00:25]} Kf7 {[%emt 0:00:04]} 53. Ne6 {[%emt 0:00:09]} 1-0

[Event "Chinese Chess League 2019"]
[Site "Shen Yang"]
[Date "2019.11.22"]
[Round "17.20"]
[White "Lei, Tingjie"]
[Black "Ding, Yixin"]
[Result "1/2-1/2"]
[WhiteElo "2485"]
[BlackElo "2438"]
[Annotator "ChessBase"]
[PlyCount "97"]
[EventDate "2019.04.09"]
[EventType "team-tourn"]
[EventCountry "CHN"]
[SourceTitle "playchess.com"]
[Source "ChessBase"]
[SourceQuality "1"]
[TimeControl "5400+30"]

1. d4 {[%emt 0:00:00]} Nf6 {[%emt 0:00:00]} 2. c4 {[%emt 0:00:00]} e6 {[%emt 0:00:04]} 3. g3 {[%emt 0:00:44]} Bb4+ {[%emt 0:00:29]} 4. Bd2 {[%emt 0:00:22]} Be7 {[%emt 0:00:15]} 5. Bg2 {[%emt 0:00:00]} d5 {[%emt 0:00:05]} 6. Nf3 {[%emt 0:00:04]} O-O {[%emt 0:00:12]} 7. O-O {[%emt 0:00:00]} c6 {[%emt 0:01:12]} 8. Qc2 {[%emt 0:01:47]} b6 {[%emt 0:03:45]} 9. Bf4 {[%emt 0:01:01]} Bb7 {[%emt 0:04:32]} 10. Rd1 {[%emt 0:06:31]} Nbd7 {[%emt 0:08:51]} 11. Ne5 {[%emt 0:02:48]} Nh5 {[%emt 0:05:09]} 12. Bc1 {[%emt 0:00:49]} Nhf6 {[%emt 0:01:37]} 13. Bf4 {[%emt 0:06:13]} Nh5 {[%emt 0:00:06]} 14. Bd2 {[%emt 0:00:26]} Nhf6 {[%emt 0:01:48]} 15. cxd5 {[%emt 0:00:38]} cxd5 {[%emt 0:01:53]} 16. Nc6 {[%emt 0:00:49]} Bxc6 {[%emt 0:00:47]} 17. Qxc6 {[%emt 0:00:05]} Rc8 {[%emt 0:00:05]} 18. Qb5 {[%emt 0:06:10]} Nb8 {[%emt 0:04:13]} 19. Nc3 {[%emt 0:02:33]} Nc6 {[%emt 0:03:05]} 20. Be1 {[%emt 0:00:51]} Na5 {[%emt 0:06:33]} 21. e4 {[%emt 0:13:50]} dxe4 {[%emt 0:05:07]} 22. Nxe4 {[%emt 0:00:08]} Nc4 {[%emt 0:00:28]} 23. Nxf6+ {[%emt 0:03:26]} Bxf6 {[%emt 0:00:24]} 24. Bc3 {[%emt 0:00:11]} Nd6 {[%emt 0:02:29]} 25. Qa6 {[%emt 0:07:12]} Qd7 {[%emt 0:06:08]} 26. a4 {[%emt 0:23:05]} Rfd8 {[%emt 0:07:36]} 27. Qe2 {[%emt 0:02:23]} Nf5 {[%emt 0:10:01]} 28. d5 {[%emt 0:02:30]} Bxc3 {[%emt 0:00:15]} 29. bxc3 {[%emt 0:00:05]} exd5 {[%emt 0:01:12]} 30. Rxd5 {[%emt 0:02:05]} Qe6 {[%emt 0:00:12]} 31. Qa6 {[%emt 0:05:47]} Rxd5 {[%emt 0:06:20]} 32. Bxd5 {[%emt 0:00:05]} Qd7 {[%emt 0:00:03]} 33. Qd3 {[%emt 0:07:03]} g6 {[%emt 0:01:52]} 34. c4 {[%emt 0:01:09]} Re8 {[%emt 0:01:18]} 35. a5 {[%emt 0:02:57]} Qc7 {[%emt 0:01:33]} 36. axb6 {[%emt 0:00:16]} axb6 {[%emt 0:00:01]} 37. Qf3 {[%emt 0:01:19]} h5 {[%emt 0:02:51]} 38. h4 {[%emt 0:02:03]} Qe7 {[%emt 0:01:26]} 39. Rb1 {[%emt 0:00:37]} Nd4 {[%emt 0:01:35]} 40. Qd3 {[%emt 0:00:18]} Qf6 {[%emt 0:00:01]} 41. Be4 {[%emt 0:01:02]} Kg7 {[%emt 0:01:19]} 42. Rd1 {[%emt 0:00:31]} Ne6 {[%emt 0:00:12]} 43. Bd5 {[%emt 0:00:11]} Nc7 {[%emt 0:03:15]} 44. Bg2 {[%emt 0:00:30]} Ne6 {[%emt 0:00:12]} 45. Rb1 {[%emt 0:01:05]} Nd4 {[%emt 0:00:26]} 46. Be4 {[%emt 0:00:25]} Rxe4 {[%emt 0:01:18]} 47. Qxe4 {[%emt 0:00:26]} Nf3+ {[%emt 0:00:03]} 48. Kg2 {[%emt 0:00:19]} Nd2 {[%emt 0:00:06]} 49. Qd3 {[%emt 0:00:48]} 1/2-1/2

[Event "Chinese Chess League 2019"]
[Site "Shen Yang"]
[Date "2019.11.22"]
[Round "17.21"]
[White "Zhao, Yuanhe"]
[Black "Nie, Xinyang"]
[Result "1-0"]
[WhiteElo "2472"]
[BlackElo "2351"]
[Annotator "ChessBase"]
[PlyCount "77"]
[EventDate "2019.04.09"]
[EventType "team-tourn"]
[EventCountry "CHN"]
[SourceTitle "playchess.com"]
[Source "ChessBase"]
[SourceQuality "1"]
[TimeControl "5400+30"]

1. c4 {[%emt 0:00:00]} d6 {[%emt 0:01:36]} 2. Nc3 {[%emt 0:02:36]} e5 {[%emt 0:00:15]} 3. Nf3 {[%emt 0:04:25]} Nc6 {[%emt 0:00:57]} 4. d4 {[%emt 0:05:50]} g6 {[%emt 0:08:10]} 5. d5 {[%emt 0:03:56]} Nce7 {[%emt 0:00:52]} 6. c5 {[%emt 0:00:14]} Bg7 {[%emt 0:11:43]} 7. Qa4+ {[%emt 0:03:31]} Kf8 {[%emt 0:18:08]} 8. cxd6 {[%emt 0:05:30]} cxd6 {[%emt 0:00:04]} 9. e4 {[%emt 0:00:56]} f5 {[%emt 0:01:38]} 10. Be2 {[%emt 0:08:50]} Nf6 {[%emt 0:02:05]} 11. O-O {[%emt 0:01:43]} h6 {[%emt 0:02:07]} 12. Nd2 {[%emt 0:02:32]} g5 {[%emt 0:07:36]} 13. Qa3 {[%emt 0:02:38]} a6 {[%emt 0:10:19]} 14. Nc4 {[%emt 0:04:49]} Ne8 {[%emt 0:01:03]} 15. Be3 {[%emt 0:01:35]} b5 {[%emt 0:06:10]} 16. Nxb5 {[%emt 0:05:50]} axb5 {[%emt 0:00:20]} 17. Qxa8 {[%emt 0:00:04]} bxc4 {[%emt 0:00:04]} 18. Qa7 {[%emt 0:01:43]} Nf6 {[%emt 0:05:00]} 19. f3 {[%emt 0:00:26]} g4 {[%emt 0:02:29]} 20. fxg4 {[%emt 0:13:55]} f4 {[%emt 0:00:06]} 21. Bb6 {[%emt 0:01:56]} Qe8 {[%emt 0:00:04]} 22. Bf3 {[%emt 0:00:59]} Bxg4 {[%emt 0:01:30]} 23. Qc7 {[%emt 0:03:47]} Bxf3 {[%emt 0:01:25]} 24. gxf3 {[%emt 0:02:15]} Qg6+ {[%emt 0:00:45]} 25. Kf2 {[%emt 0:00:26]} Nxe4+ {[%emt 0:05:11]} 26. fxe4 {[%emt 0:01:08]} Bf6 {[%emt 0:00:03]} 27. Qxc4 {[%emt 0:03:08]} Kf7 {[%emt 0:01:49]} 28. Rg1 {[%emt 0:13:00]} Qh5 {[%emt 0:00:15]} 29. Qe2 {[%emt 0:00:47]} Qh3 {[%emt 0:04:06]} 30. Qf3 {[%emt 0:03:10]} Qxh2+ {[%emt 0:05:37]} 31. Rg2 {[%emt 0:00:09]} Qh4+ {[%emt 0:00:07]} 32. Kg1 {[%emt 0:00:20]} Rg8 {[%emt 0:02:32]} 33. Rxg8 {[%emt 0:00:09]} Nxg8 {[%emt 0:00:12]} 34. Bf2 {[%emt 0:00:11]} Qg5+ {[%emt 0:00:07]} 35. Kh1 {[%emt 0:00:23]} h5 {[%emt 0:00:03]} 36. Rg1 {[%emt 0:00:13]} Qh6 {[%emt 0:00:03]} 37. Qh3 {[%emt 0:00:09]} Ne7 {[%emt 0:00:55]} 38. Qe6+ {[%emt 0:00:06]} Ke8 {[%emt 0:00:15]} 39. Rg8+ {[%emt 0:00:10]} 1-0

[Event "Chinese Chess League 2019"]
[Site "Shen Yang"]
[Date "2019.11.22"]
[Round "17.23"]
[White "Li, Di"]
[Black "Tomashevsky, Evgeny"]
[Result "1/2-1/2"]
[WhiteElo "2538"]
[BlackElo "2712"]
[Annotator "TA"]
[PlyCount "41"]
[EventDate "2019.04.09"]
[EventType "team-tourn"]
[EventCountry "CHN"]
[SourceTitle "playchess.com"]
[Source "ChessBase"]
[SourceQuality "1"]

{[%evp 23,41,0,0,2,10,0,24,35,27,-16,-9,-22,-22,-22,0,0,0,-19,0,0]} 1. Nf3 d5 2. d4 Nf6 3. c4 e6 4. g3 Be7 5. Bg2 O-O 6. O-O dxc4 7. Qc2 a6 8. a4 Bd7 9. Rd1 Bc6 10. Nc3 Bxf3 11. Bxf3 Nc6 12. Bxc6 bxc6 13. Bg5 {E05: Open Catalan: 5 Nf3 Be7} Rb8 14. e3 Nd7 15. Bxe7 {White has an edge.} Qxe7 {[#]} 16. a5 $146 ({Predecessor:} 16. Ne4 c5 17. Qxc4 Rxb2 18. Qxa6 cxd4 19. exd4 Nf6 20. Nc5 Nd5 {1-0 (80) Nakamura,H (2651)-Petrosian,T (2592) ICC INT 2007}) 16... c5 {The position is equal.} 17. Qe2 Rb4 18. Na2 Rb5 19. Nc3 Rb4 20. Na2 Rb5 21. Nc3 1/2-1/2

[Event "Chinese Chess League 2019"]
[Site "Shen Yang"]
[Date "2019.11.22"]
[Round "17.24"]
[White "Javakhishvili, Lela"]
[Black "Li, Yunshan"]
[Result "1-0"]
[WhiteElo "2457"]
[BlackElo "2287"]
[Annotator "ChessBase"]
[PlyCount "79"]
[EventDate "2019.04.09"]
[EventType "team-tourn"]
[EventCountry "CHN"]
[SourceTitle "playchess.com"]
[Source "ChessBase"]
[SourceQuality "1"]
[TimeControl "5400+30"]

1. Nf3 {[%emt 0:00:00]} Nf6 {[%emt 0:00:00]} 2. c4 {[%emt 0:00:00]} c5 {[%emt 0:00:00]} 3. d4 {[%emt 0:00:02]} cxd4 {[%emt 0:00:03]} 4. Nxd4 {[%emt 0:00:07]} e5 {[%emt 0:00:16]} 5. Nb5 {[%emt 0:01:21]} Nc6 {[%emt 0:00:22]} 6. N1c3 {[%emt 0:00:35]} d6 {[%emt 0:00:37]} 7. Bg5 {[%emt 0:02:59]} a6 {[%emt 0:00:35]} 8. Na3 {[%emt 0:01:34]} Be7 {[%emt 0:01:15]} 9. e3 {[%emt 0:03:48]} Be6 {[%emt 0:02:05]} 10. Be2 {[%emt 0:00:51]} O-O {[%emt 0:01:02]} 11. O-O {[%emt 0:00:46]} Qa5 {[%emt 0:05:31]} 12. Bxf6 {[%emt 0:09:14]} Bxf6 {[%emt 0:00:45]} 13. Nd5 {[%emt 0:02:52]} Bg5 {[%emt 0:02:14]} 14. Qb3 {[%emt 0:04:48]} Rab8 {[%emt 0:08:04]} 15. Rfd1 {[%emt 0:03:19]} Rfd8 {[%emt 0:05:12]} 16. Rac1 {[%emt 0:02:19]} Ne7 {[%emt 0:01:39]} 17. Bf3 {[%emt 0:11:11]} Ng6 {[%emt 0:19:40]} 18. g3 {[%emt 0:05:06]} f5 {[%emt 0:07:27]} 19. h4 {[%emt 0:04:04]} Bh6 {[%emt 0:02:10]} 20. h5 {[%emt 0:01:42]} Nf8 {[%emt 0:00:30]} 21. Nc2 {[%emt 0:06:19]} Nd7 {[%emt 0:05:52]} 22. a3 {[%emt 0:01:39]} Rf8 {[%emt 0:01:57]} 23. Qb4 {[%emt 0:04:22]} Qxb4 {[%emt 0:03:44]} 24. Ncxb4 {[%emt 0:00:24]} Kf7 {[%emt 0:07:25]} 25. Nc7 {[%emt 0:00:48]} Rfc8 {[%emt 0:00:15]} 26. Nxe6 {[%emt 0:02:39]} Kxe6 {[%emt 0:00:03]} 27. Rc2 {[%emt 0:03:22]} g6 {[%emt 0:01:42]} 28. hxg6 {[%emt 0:01:20]} hxg6 {[%emt 0:00:03]} 29. Bd5+ {[%emt 0:01:24]} Kf6 {[%emt 0:01:07]} 30. Kg2 {[%emt 0:01:44]} a5 {[%emt 0:02:05]} 31. Na2 {[%emt 0:00:35]} b5 {[%emt 0:00:46]} 32. b4 {[%emt 0:01:26]} axb4 {[%emt 0:09:56]} 33. Nxb4 {[%emt 0:00:13]} bxc4 {[%emt 0:00:42]} 34. Rxc4 {[%emt 0:02:03]} Nc5 {[%emt 0:06:39]} 35. Rh4 {[%emt 0:03:31]} Bg7 {[%emt 0:01:02]} 36. Ba2 {[%emt 0:01:29]} Bf8 {[%emt 0:04:21]} 37. Nd5+ {[%emt 0:04:03]} Kg7 {[%emt 0:00:21]} 38. Rdh1 {[%emt 0:00:09]} g5 {[%emt 0:00:44]} 39. Rh7+ {[%emt 0:00:10]} Kg6 {[%emt 0:00:10]} 40. Ne7+ {[%emt 0:00:18]} 1-0

[Event "Chinese Chess League 2019"]
[Site "Shen Yang"]
[Date "2019.11.22"]
[Round "17.25"]
[White "Huang, Qian"]
[Black "Lagno, Kateryna"]
[Result "1/2-1/2"]
[WhiteElo "2427"]
[BlackElo "2549"]
[Annotator "ChessBase"]
[PlyCount "60"]
[EventDate "2019.04.09"]
[EventType "team-tourn"]
[EventCountry "CHN"]
[SourceTitle "playchess.com"]
[Source "ChessBase"]
[SourceQuality "1"]
[TimeControl "5400+30"]

1. c4 {[%emt 0:00:00]} Nf6 {[%emt 0:00:00]} 2. Nc3 {[%emt 0:00:00]} g6 {[%emt 0:00:00]} 3. e4 {[%emt 0:02:37]} e5 {[%emt 0:00:07]} 4. Nf3 {[%emt 0:01:46]} Bg7 {[%emt 0:00:10]} 5. Nxe5 {[%emt 0:08:50]} O-O {[%emt 0:00:05]} 6. Nf3 {[%emt 0:00:52]} Re8 {[%emt 0:00:17]} 7. d3 {[%emt 0:00:35]} d5 {[%emt 0:00:05]} 8. cxd5 {[%emt 0:03:10]} Nxd5 {[%emt 0:00:06]} 9. Nxd5 {[%emt 0:00:19]} Qxd5 {[%emt 0:00:05]} 10. Be2 {[%emt 0:00:07]} Qd6 {[%emt 0:00:08]} 11. O-O {[%emt 0:02:17]} c5 {[%emt 0:00:06]} 12. e5 {[%emt 0:20:50]} Qd5 {[%emt 0:24:31]} 13. Be3 {[%emt 0:04:21]} Nc6 {[%emt 0:00:15]} 14. Rc1 {[%emt 0:19:47]} Nxe5 {[%emt 0:01:20]} 15. Rxc5 {[%emt 0:04:16]} Qxa2 {[%emt 0:02:24]} 16. Nxe5 {[%emt 0:02:58]} Rxe5 {[%emt 0:00:04]} 17. Rc7 {[%emt 0:02:02]} Re8 {[%emt 0:03:49]} 18. d4 {[%emt 0:05:05]} Be6 {[%emt 0:02:17]} 19. Bf3 {[%emt 0:00:06]} Rad8 {[%emt 0:15:33]} 20. Rxb7 {[%emt 0:01:50]} Bd5 {[%emt 0:05:21]} 21. Bxd5 {[%emt 0:04:21]} Qxd5 {[%emt 0:00:10]} 22. Rxa7 {[%emt 0:00:45]} Bxd4 {[%emt 0:00:06]} 23. Bxd4 {[%emt 0:00:04]} Qxd4 {[%emt 0:00:04]} 24. Qxd4 {[%emt 0:02:30]} Rxd4 {[%emt 0:00:10]} 25. Rb7 {[%emt 0:00:14]} Re2 {[%emt 0:02:57]} 26. g3 {[%emt 0:00:14]} Rdd2 {[%emt 0:00:30]} 27. Kg2 {[%emt 0:00:27]} Rxb2 {[%emt 0:00:06]} 28. Rxb2 {[%emt 0:00:03]} Rxb2 {[%emt 0:00:04]} 29. h4 {[%emt 0:00:04]} h5 {[%emt 0:00:03]} 30. Rc1 {[%emt 0:00:05]} Kg7 {[%emt 0:00:03]} 1/2-1/2

[Event "Chinese Chess League 2019"]
[Site "Shen Yang"]
[Date "2019.11.22"]
[Round "17.26"]
[White "Chen, Qi b"]
[Black "Riazantsev, Alexander"]
[Result "1/2-1/2"]
[WhiteElo "2436"]
[BlackElo "2642"]
[Annotator "TA"]
[PlyCount "116"]
[EventDate "2019.04.09"]
[EventType "team-tourn"]
[EventCountry "CHN"]
[SourceTitle "playchess.com"]
[Source "ChessBase"]
[SourceQuality "1"]

{[%evp 13,116,13,17,28,18,21,20,17,15,22,27,0,0,0,-2,0,63,52,77,82,92,23,27,31,48,46,77,60,58,52,113,92,107,97,119,45,49,25,22,22,16,14,61,75,72,61,64,70,72,60,70,64,60,41,52,51,95,100,85,78,72,0,0,0,0,0,0,0,0,0,0,0,0,0,0,2,2,2,28,0,0,0,0,0,0,0,0,0,0,0,0,0,0,0,0,0,0,0,0,0,0,0,0,0,0]} 1. e4 c6 2. d4 d5 3. exd5 cxd5 4. Bd3 Nc6 5. c3 Nf6 6. h3 g6 7. Nf3 Qc7 8. Qc2 {B13: Caro-Kann: Exchange Variation and Panov-Botvinnik Attack} (8. O-O Bf5 9. Re1 Bxd3 10. Qxd3 Bg7 11. Bg5 O-O 12. Nbd2 e6 13. Bxf6 Bxf6 14. Nb3 Bg7 15. Re2 Rab8 16. a3 b6 17. Rae1 Na5 18. Nc1 Nc4 19. Qc2 Qf4 20. Nd3 Qf5 21. Qd1 Rfc8 {½-½ (21) Anand,V (2764)-Nepomniachtchi,I (2775) Paris 2019}) 8... Nh5 9. O-O Bg7 10. Be3 Nf4 11. Bb5 a6 12. Bxc6+ $146 (12. Ba4 {seems wilder.} O-O 13. Qd2 Ne6 14. Re1 b5 15. Bb3) ({Predecessor:} 12. Ba4 O-O 13. Qd2 Ne6 {1-0 (43) Ustimenko,A (1541)-Lorenti,D (1023) LSS email 2011}) 12... bxc6 13. Qd2 Ne6 14. Re1 f6 (14... a5 $11) 15. c4 $14 Kf7 16. Nc3 Rd8 17. cxd5 (17. Na4 $16) 17... cxd5 $11 18. Rac1 Qa5 19. Bh6 Bh8 20. Re2 Ra7 21. Rce1 Rc7 (21... Qb4 $14) 22. h4 $16 Qb6 23. Na4 Qc6 {[#]} 24. b3 (24. Rxe6 $1 $16 Bxe6 25. Qf4 (25. Nc5 Bc8 $17) 25... Qxa4 26. Ng5+ (26. Qxc7 Re8 $11) 26... Ke8 27. Nxe6 (27. Qxc7 fxg5 28. Rxe6 Qd7 $11)) 24... Re8 $1 $14 25. Qa5 {And now Nb6 would win.} Qb5 26. Qxb5 axb5 27. Nb6 Rc6 28. Nxd5 Rd6 29. Nc3 $36 {[%mdl 2048] White has the initiative.} b4 30. Nb5 Rd5 31. Rxe6 {Hoping for Rb6.} Rxb5 32. Rc6 $1 Bb7 33. Rc7 Bxf3 34. gxf3 f5 35. Bg5 {[%cal Rg5e7]} Bf6 36. Bxf6 Kxf6 37. Re5 ({Better is} 37. Kg2 $16) 37... Rxe5 $11 38. dxe5+ Kxe5 {[%mdl 4096] Endgame KR-KR} 39. Rb7 Ra8 $1 40. Rxe7+ {[%mdl 64] [#] Double Attack} Kd5 41. Rb7 Kc5 42. Rc7+ Kd5 43. Rc4 Rxa2 44. Rxb4 Rb2 45. Kg2 Ke5 46. Rb7 f4 {The position is equal.} 47. Rb5+ Kf6 48. Rb6+ Kf5 49. b4 Rb1 50. Rb7 Kf6 51. Rb8 Kg7 52. Rb6 h5 53. Rb7+ Kg8 54. b5 Kf8 55. Rb8+ Kg7 56. b6 Kh7 57. Kh2 Kg7 58. b7 Kh7 {Accuracy: White = 64%, Black = 73%.} 1/2-1/2

[Event "Chinese Chess League 2019"]
[Site "Shen Yang"]
[Date "2019.11.22"]
[Round "17.27"]
[White "Ganguly, Surya Shekhar"]
[Black "Xu, Yinglun"]
[Result "1/2-1/2"]
[WhiteElo "2644"]
[BlackElo "2554"]
[Annotator "TA"]
[PlyCount "61"]
[EventDate "2019.04.09"]
[EventType "team-tourn"]
[EventCountry "CHN"]
[SourceTitle "playchess.com"]
[Source "ChessBase"]
[SourceQuality "1"]

{[%evp 11,61,16,18,20,26,22,61,56,51,52,53,59,55,52,75,41,35,51,54,43,62,50,51,60,68,77,59,70,93,84,81,1,14,-9,-11,-201,-210,-203,-202,-185,-195,-187,-131,-317,-327,-471,-425,-441,-400,-358,-74,-81]} 1. e4 c5 2. Nf3 d6 3. d4 cxd4 4. Nxd4 Nf6 5. Nc3 a6 6. Be3 e6 7. a3 {B80: Sicilian Scheveningen: 6 g3 and 6 Be3, including English Attack} (7. Be2 Nbd7 8. a4 b6 9. O-O Bb7 10. f3 Be7 11. Qe1 Qc7 12. Qf2 O-O 13. Rfd1 Rfc8 14. Nb3 h6 15. Kh1 d5 16. exd5 Bxd5 17. Nxd5 Nxd5 18. c3 Nxe3 19. Qxe3 {½-½ (36) Ganguly,S (2638)-Vallejo Pons,F (2687) Changsha 2019}) 7... Be7 8. Qe2 b5 $146 ({Predecessor:} 8... e5 9. Nf5 Bxf5 10. exf5 d5 11. f4 exf4 12. Bxf4 Nc6 13. O-O-O O-O 14. Qf3 d4 {½-½ (38) Fass,R (2425)-De Jong,P (2427) ICCF email 2016}) 9. O-O-O {White is slightly better.} Bb7 10. e5 Nd5 11. Nxd5 Bxd5 12. Nf5 {Threatens to win with Rxd5!} O-O $1 13. exd6 (13. Rxd5 $5 exd5 14. Qg4 $11) 13... Bxd6 14. Qg4 {[%csl Gf5][%cal Rg4g7]} exf5 15. Qd4 {[#]} f4 $1 16. Qxd5 {[%mdl 64] Double Attack} (16. Bxf4 Nc6) 16... fxe3 17. Qxa8 ({But not} 17. fxe3 $2 Ra7 $19) 17... Bf4 {( -> ...e2+!)} 18. Be2 exf2+ 19. Kb1 Qe7 20. Qf3 Be3 21. h4 (21. c4 $1 $16) 21... Re8 $11 22. Bd3 Nd7 23. Bxh7+ $2 (23. c3 $11) 23... Kxh7 $19 24. Qf5+ g6 25. Qxd7 Qxd7 26. Rxd7 {KRR-KRB} Kh6 (26... Bb6 $1 $19 27. b4 Re1+ 28. Rd1 Rg1) 27. c3 $2 (27. h5 $17) 27... Bb6 28. Kc2 (28. Rdd1 $142 Kh5 29. Ka2) 28... Re1 29. Rd1 Rg1 30. g4 {[#]} Rxg4 $2 (30... g5 $1 $19 {aiming for ...gxh4.} 31. Kd3 gxh4 32. Rxh4+ {[#]} Kg5 $1 {[%mdl 576] Double Attack}) 31. Kd3 {Accuracy: White = 53%, Black = 60%.} 1/2-1/2